000 00425nam a2200145Ia 4500
008 240729s9999 xx 000 0 und d
022 _a2542-6222
245 0 _aIndian Journal of Health Sciences and Biomedical Research KLEU
260 _aIndia
260 _bWolters Kluwer Medknow Publications
650 _aMedicine
856 _uhttps://doaj.org/toc/2cd7ad07c8a14f15a4c01cc9317ef881
942 _2ddc
942 _cDOAJEJ
999 _c69747
_d69747
945 _a1
_bMadushi Gamage
_c1
_dMadushi Gamage